Online
Catalog

Apéndices masoréticos : (Record no. 39160)

MARC details
000 -CABECERA
campo de control de longitud fija 00833nam a2200181 a 4500
001 - NÚMERO DE CONTROL
campo de control 000039670
005 - FECHA Y HORA DE LA ÚLTIMA TRANSACCIÓN
campo de control 20201002033653.0
008 - DATOS DE LONGITUD FIJA--INFORMACIÓN GENERAL
campo de control de longitud fija 130715s2004 sp 000 0 spa d
040 ## - FUENTE DE LA CATALOGACIÓN
Centro catalogador/agencia de origen DO-SdBNP
Lengua de catalogación spa
Centro/agencia transcriptor BNPHU
100 1# - ENTRADA PRINCIPAL--NOMBRE DE PERSONA
Nombre de persona Martín Contreras, Elvira
9 (RLIN) 65862
245 10 - MENCIÓN DE TÍTULO
Título Apéndices masoréticos :
Resto del título códice M1 de la Universidad Complutense de Madrid /
Mención de responsabilidad, etc. Elvira Martín Contreras.
260 ## - PUBLICACIÓN, DISTRIBUCIÓN, ETC.
Lugar de publicación, distribución, etc. Madrid :
Nombre del editor, distribuidor, etc. Departamento de Filología Bíblica y de Oriente Antiguo, (CSIC,),
Fecha de publicación, distribución, etc. 2004.
300 ## - DESCRIPCIÓN FÍSICA
Extensión XIX, 185 p. ;
Dimensiones 27 cm.
490 1# - MENCIÓN DE SERIE
Mención de serie Textos y Estudios "Cardenal Cisneros" de la Biblia Políglota Matritense
Designación de volumen o secuencia 72
546 ## - NOTA DE LENGUA/LENGUAJE
Nota de lengua/lenguaje Texto en hebreo, español e inglés
710 2# - PUNTO DE ACCESO ADICIONAL--NOMBRE DE ENTIDAD CORPORATIVA
Nombre de entidad corporativa o nombre de jurisdicción como elemento de entrada Consejo Superior de Investigaciones Científicas (España)
9 (RLIN) 15178
830 #0 - PUNTO DE ACCESO ADICIONAL DE SERIE-TÍTULO UNIFORME
Título uniforme Textos y Estudios "Cardenal Cisneros" de la Biblia Políglota Matritense
Designación de volumen o secuencia 72
9 (RLIN) 15280
Holdings
Estado de retiro Estado de pérdida Restricciones de uso No para préstamo Código de colección Localización permanente Ubicación/localización actual Ubicación en estantería Fecha de adquisición Número de inventario Total de préstamos Signatura topográfica completa Código de barras Fecha visto por última vez Precio válido a partir de Tipo de ítem Koha
      Excluido de préstamo Monografías: Libros y Folletos General General En catalogación 15.07.2013 LF1   39670-10 25.06.2020 25.06.2020 No se presta

Powered by Koha